Statistics for Countries with no unique 3-letter block

Click here to take the quiz!

General Stats

  • This quiz has been taken 34 times
  • The average score is 11 of 28

Answer Stats

COUNTRY% Correct
Austria
76%
Guinea
66%
India
62%
United States
59%
Australia
52%
Canada
52%
Dominica
52%
Iran
52%
Sudan
52%
Mali
48%
Oman
48%
South Korea
48%
Indonesia
45%
Niger
41%
Republic of the Congo
41%
Nigeria
38%
Angola
34%
Haiti
31%
Tonga
28%
Zambia
28%
Grenada
24%
Mauritania
24%
Dominican Republic
21%
Mongolia
21%
Panama
17%
Ghana
14%
Nicaragua
7%
Rwanda
3%

Score Distribution

Percentile by Number Answered

Percent of People with Each Score

Your Score History

You have not taken this quiz